| 000 | 00895 a2200253 4500 | ||
|---|---|---|---|
| 005 | 20180312141959.0 | ||
| 008 | 140315s1993 ck a gr|||| 000 j spa d | ||
| 020 | _a9580424691 | ||
| 040 |
_aCO-BoUCM _bspa _cJose A. Gerena _dJose A. Gerena |
||
| 041 | 0 | _aspa | |
| 100 | 1 |
_aRius, María _950300 |
|
| 245 | 1 | 3 |
_aEl fuego _cMaría Rius, Josep M. Parramón |
| 260 |
_c1993 _bNorma _aBogotá (Colombia) |
||
| 300 |
_a[30] páginas _bilustraciones a color |
||
| 490 |
_aPrimera biblioteca de los niños _aSerie los cuatro elementos |
||
| 650 | 7 |
_918684 _aLiteratura infantil española |
|
| 650 | 7 |
_918516 _aLibros ilustrados para niños |
|
| 650 | 7 |
_918524 _aLibros y lectura para niños |
|
| 650 | 7 |
_920374 _aNiños en la literatura |
|
| 690 |
_942863 _aLiteratura europea |
||
| 700 | 1 |
_aParramón, Josep M. _958388 |
|
| 942 |
_a18 _cLIBRO _e1 _mR615f _2LOCAL _h868.64 _n0 |
||
| 999 |
_c240202 _d240202 |
||